Statistiques concernant Super Mario Odyssey- Pays Perdu

Cliquez ici pour prendre le quiz!

Statistiques générales

  • Ce quiz a été pris 6 fois
  • Le résultat moyen est 3 sur 6

Statistiques - réponses

Aperçu régionalRéponses% Correct
TempératureMoyenne de 33°C
75%
PopulationInconnue
50%
IndustrieInconnue
50%
HabitantsInconnus
50%
MonnaieEn forme de feuilles
25%
TailleRéduite
25%

Distribution des résultats

Percentile par nombre de réponses

% des personnes avec chaque résultat

Votre développement - résultats

Vous n’avez pas pris ce quiz